000
00196 a2200097 4500
001
3331
100
_a
Blackman, M
245
_a
By the hunters moon
260
_a
_b
Hodder
_c
090
_c
2609
_d
2609
942
_a
NUST-CAE
_c
M
_c
17880
999
_c
238404
_d
238404